| 000 | 00585cam9a220020500 4500 | ||
|---|---|---|---|
| 001 | tmp15408587 | ||
| 003 | UPRA | ||
| 005 | 20190815095445.0 | ||
| 008 | 950808s1982 nsc eng u | ||
| 035 | _a(Sirsi) r32727 | ||
| 035 | _a(UPRA)tmp15408587 | ||
| 040 | _cUPRA | ||
| 245 | 0 | 0 | _aKilimanjaro 1982. |
| 260 |
_aLiverpool : _bLiverpool Institute, _c1982. |
||
| 504 | _aBibliography. | ||
| 650 | 0 |
_aMountaineering. _6S20156.1 |
|
| 651 | 0 |
_aKilimanjaro -- Expedition. _xKilimanjaro -- Expedition. _6S69846.1 |
|
| 949 |
_aGV199.8 _wlcc _i-37769 _mMAIN _tBOOK _lON-SHELF |
||
| 004 | 32727 | ||
| 999 |
_c61176 _d61176 |
||